Sports Quiz

Random Sports or NCAA Quiz

Classic Professional Sport Logos Quiz Stats

 Plays Quiz not verified by Sporcle

Score 0/24 Timer 07:00
0 Plays Today
# Team % Correct
1Buffalo Bills
96.5%
8St. Louis Cardinals
96.2%
16Anaheim Mighty Ducks
95.9%
15Toronto Blue Jays
94.8%
14Utah Jazz
92.7%
2Milwaukee Bucks
90.5%
20Los Angeles Angels
89.3%
18Philadelphia Eagles
88.4%
11Baltimore Orioles
86.5%
22Tampa Bay Buccaneers
86.1%
23Golden State Warriors
85.8%
19Dallas Mavericks
85.3%
# Team % Correct
17Phoenix Coyotes
85.1%
9Denver Nuggets
79.4%
13Atlanta Hawks
78.2%
3Chicago Blackhawks
75.2%
6Cincinnati Bengals
72.9%
21Washington Capitals
71.7%
12Denver Broncos
69.5%
7Cleveland Browns
66.3%
24Oakland Athletics
61.2%
5Seattle Mariners
51.9%
10Boston Bruins
43.2%
4New York Knicks
34%

You're not logged in!

Compare scores with friends on all Sporcle quizzes.
OR
Log In

Show Comments

Extras

Top Quizzes Today


Score Distribution

Your Account Isn't Verified!

In order to create a playlist on Sporcle, you need to verify the email address you used during registration. Go to your Sporcle Settings to finish the process.

Report this User

Report this user for behavior that violates our Community Guidelines.

Details: